Girls Names that start with F - Statistics

General Stats
  • This quiz has been taken 474 times
  • The average score is 7 of 13
Answer Stats
Answer % Correct
Fran
86%
Fiona
82%
Frances
75%
Felicity
59%
Faith
55%
Faye
53%
Francesca
53%
Farrah
50%
Felicia
46%
Finola
42%
Freya
42%
Fallon
26%
Fawn
19%
No matching quizzes found
Score Distribution
Percent of People with Each Score
Percentile by Number Answered
Your Score History
You have not taken this quiz